Library Banner

Al-Buruni : commemorative volume : (Record no. 138511)

MARC details
000 -LEADER
fixed length control field 00548nam a22001337a 4500
005 - DATE AND TIME OF LATEST TRANSACTION
control field 20250909095502.0
008 - FIXED-LENGTH DATA ELEMENTS--GENERAL INFORMATION
fixed length control field 250909b |||||||| |||| 00| 0 eng d
040 ## - CATALOGING SOURCE
Transcribing agency PK-LaUMT
082 ## - DEWEY DECIMAL CLASSIFICATION NUMBER
Classification number 509.24
Item number ALB-
245 ## - TITLE STATEMENT
Title Al-Buruni : commemorative volume :
Remainder of title proceedings of the international congress held in Pakistan on hte occasion of Millenary of Abu Raihan Muhammad ibn al-Biruni November 26, 1973 thru December 12, 1973/
Statement of responsibility, etc edited by Hakim Mohammad Said
260 ## - PUBLICATION, DISTRIBUTION, ETC. (IMPRINT)
Place of publication, distribution, etc Karachi :
Name of publisher, distributor, etc Hamdard National Foundation,
Date of publication, distribution, etc 1973
300 ## - PHYSICAL DESCRIPTION
Extent 844 p.
942 ## - ADDED ENTRY ELEMENTS (KOHA)
Koha item type Books
Holdings
Withdrawn status Lost status Damaged status Home library Current library Date acquired Full call number Barcode Date last seen Price effective from Koha item type
      UMT Main Campus UMT Main Campus 2025-09-09 509.24 ALB- 150671 2025-09-09 2025-09-09 Books